| 000 | 00686nam a2200217 a 4500 | ||
|---|---|---|---|
| 001 | BRCA_3907 | ||
| 005 | 20190320204454.0 | ||
| 008 | 120110s1900----mx-a######---#000-0#spa-# | ||
| 041 | _aspa | ||
| 044 | _amx | ||
| 050 | 4 |
_aF1231 _b.G66 1900 |
|
| 100 | 1 |
_aGonzález Obregón, Luis. _99108 |
|
| 245 | 1 | 0 |
_aÉpoca colonial- México _bnoticias históricas, tradiciones, leyendas y costumbres _cLuis González Obregón. |
| 260 |
_aParís : México _bLib. de la Vda. de Ch. Bouret _c1900 |
||
| 300 |
_a742 p. _bil. _c25 cm. |
||
| 500 | _aEdición con cantos dorados. | ||
| 500 | _aC54 | ||
| 651 | 4 |
_aMéxico _vHistoria _yPeriodo colonial, 1540-1810 _910159 |
|
| 902 | _aGFM | ||
| 942 |
_2lcc _cB |
||
| 999 |
_c3634 _d3634 |
||